| 000 | 00555nam a22002297a 4500 | ||
|---|---|---|---|
| 005 | 20250219181138.0 | ||
| 008 | 220405b2007 xxu||||| |||| 00| 0 spa d | ||
| 020 | _a9780764135347 | ||
| 041 | _aING | ||
| 082 | _aR 658.03 F911d4 | ||
| 100 | _aFriedman, Jack P | ||
| 245 | _aDictionary of business terms | ||
| 250 | _a4 Edición | ||
| 260 | _aEstados Unidos | ||
| 260 | _bBarron´s Educational Series | ||
| 260 | _c2007 | ||
| 300 | _a745 páginas | ||
| 650 | _aDICCIONARIOS | ||
| 650 | _aCOMERCIO | ||
| 650 | _aFINANZAS | ||
| 942 |
_cREF _2ddc |
||
| 999 |
_c13327 _d13327 |
||